Top XIs: PSV Eindhoven (1979-2023) - Statistics

General Stats
  • This quiz has been taken 140 times
    136 since last reset
  • The average score is 111 of 450
Answer Stats
Hint Position Answer % Correct
1990/1991 DF Jerry de Jong
82%
2019/2020 ST Cody Gakpo
67%
2020/2021 ST Cody Gakpo
67%
2021/2022 ST Cody Gakpo
67%
2021/2022 (EL) ST Cody Gakpo
67%
2022/2023 UCL ST Cody Gakpo
67%
2013/2014 ST Memphis Depay
64%
2014/2015 ST Memphis Depay
64%
1994/1995 ST Ronaldo
63%
1985/1986 ST Ruud Gullit
63%
1986/1987 ST Ruud Gullit
63%
1998/1999 ST Ruud van Nistelrooy
63%
1999/2000 ST Ruud van Nistelrooy
63%
2005/2006 MF Timmy Simons
63%
2006/2007 MF Timmy Simons
63%
2007/2008 MF Timmy Simons
63%
2008/2009 MF Timmy Simons
63%
1999/2000 MF Mark van Bommel
62%
2000/2001 MF Mark van Bommel
62%
2001/2002 MF Mark van Bommel
62%
2002/2003 MF Mark van Bommel
62%
2003/2004 MF Mark van Bommel
62%
2004/2005 MF Mark van Bommel
62%
2012/2013 MF Mark van Bommel
62%
2010/2011 ST Marcus Berg
59%
1990/1991 MF Erwin Koeman
58%
1991/1992 MF Erwin Koeman
58%
1993/1994 MF Erwin Koeman
58%
1988/1989 ST Romário
58%
1990/1991 ST Romário
58%
1992/1993 ST Romário
58%
1986/1987 DF Ronald Koeman
58%
1987/1988 DF Ronald Koeman
58%
1988/1989 DF Ronald Koeman
58%
2014/2015 MF Andrés Guardado
54%
2015/2016 MF Andrés Guardado
54%
2016/2017 MF Andrés Guardado
54%
1995/1996 MF Philip Cocu
54%
1996/1997 MF Philip Cocu
54%
1997/1998 MF Philip Cocu
54%
2004/2005 MF Phillip Cocu
54%
2005/2006 MF Phillip Cocu
54%
2006/2007 MF Phillip Cocu
54%
2017/2018 ST Hirving Lozano
53%
2018/2019 ST Hirving Lozano
53%
2018/2019 DF Denzel Dumfries
51%
2019/2020 DF Denzel Dumfries
51%
2020/2021 DF Denzel Dumfries
51%
2016/2017 ST Steven Bergwijn
50%
2017/2018 ST Steven Bergwijn
50%
2018/2019 ST Steven Bergwijn
50%
2019/2020 ST Steven Bergwijn
50%
2002/2003 MF Arjen Robben
46%
2003/2004 MF Arjen Robben
46%
2011/2012 MF Georginio Wijnaldum
46%
2012/2013 MF Georginio Wijnaldum
46%
2014/2015 MF Georginio Wijnaldum
46%
2020/2021 DF Philipp Max
46%
2021/2022 DF Philipp Max
46%
2021/2022 (EL) DF Philipp Max
46%
2022/2023 UCL DF Philipp Max
46%
1999/2000 DF Wilfred Bouma
46%
2001/2002 DF Wilfred Bouma
46%
2002/2003 DF Wilfred Bouma
46%
2003/2004 DF Wilfred Bouma
46%
2004/2005 DF Wilfred Bouma
46%
2010/2011 DF Wilfred Bouma
46%
2011/2012 DF Wilfred Bouma
46%
2012/2013 DF Wilfred Bouma
46%
2022/2023 UCL MF Joey Veerman
44%
2020/2021 DF Jordan Teze
44%
2022/2023 UCL DF Jordan Teze
44%
2020/2021 MF Mario Götze
44%
2021/2022 MF Mario Götze
44%
2021/2022 (EL) MF Mario Götze
44%
2021/2022 DF André Ramalho
42%
2021/2022 (EL) DF André Ramalho
42%
2013/2014 DF Jeffrey Bruma
42%
2014/2015 DF Jeffrey Bruma
42%
2015/2016 DF Jeffrey Bruma
42%
2017/2018 MF Marco van Ginkel
42%
2021/2022 (EL) MF Marco van Ginkel
42%
2011/2012 ST Dries Mertens
41%
2012/2013 ST Dries Mertens
41%
2006/2007 MF Ibrahim Afellay
41%
2007/2008 MF Ibrahim Afellay
41%
2008/2009 MF Ibrahim Afellay
41%
2009/2010 MF Ibrahim Afellay
41%
2004/2005 ST Jefferson Farfán
41%
2005/2006 ST Jefferson Farfán
41%
2006/2007 ST Jefferson Farfán
41%
2007/2008 MF Jefferson Farfán
41%
2011/2012 DF Jetro Willems
41%
2012/2013 DF Jetro Willems
41%
2013/2014 DF Jetro Willems
41%
2014/2015 DF Jetro Willems
41%
2016/2017 DF Jetro Willems
41%
2013/2014 DF Karim Rekik
40%
2014/2015 DF Karim Rekik
40%
2019/2020 ST Donyell Malen
38%
2020/2021 ST Donyell Malen
38%
1994/1995 ST Luc Nilis
38%
1995/1996 ST Luc Nilis
38%
1996/1997 ST Luc Nilis
38%
1997/1998 ST Luc Nilis
38%
1998/1999 ST Luc Nilis
38%
1999/2000 ST Luc Nilis
38%
1998/1999 DF André Ooijer
37%
2000/2001 DF André Ooijer
37%
2001/2002 DF André Ooijer
37%
2002/2003 DF André Ooijer
37%
2003/2004 DF André Ooijer
37%
2004/2005 DF André Ooijer
37%
2005/2006 DF André Ooijer
37%
2020/2021 MF Ibrahim Sangaré
37%
2021/2022 MF Ibrahim Sangaré
37%
2021/2022 (EL) MF Ibrahim Sangaré
37%
2022/2023 UCL MF Ibrahim Sangaré
37%
2009/2010 ST Ola Toivonen
37%
2010/2011 ST Ola Toivonen
37%
2011/2012 ST Ola Toivonen
37%
2020/2021 DF Olivier Boscagli
37%
2021/2022 DF Olivier Boscagli
37%
2021/2022 (EL) DF Olivier Boscagli
37%
2022/2023 UCL DF Armando Obispo
36%
2015/2016 DF Héctor Moreno
36%
2016/2017 DF Héctor Moreno
36%
1996/1997 DF Jaap Stam
36%
1997/1998 DF Jaap Stam
36%
2015/2016 MF Davy Pröpper
35%
2016/2017 MF Davy Pröpper
35%
2003/2004 MF Ji-Sung Park
35%
2004/2005 MF Ji-Sung Park
35%
2013/2014 MF Ji-Sung Park
35%
2022/2023 UCL ST Johan Bakayoko
35%
2014/2015 MF Luciano Narsingh
35%
2015/2016 MF Luciano Narsingh
35%
2004/2005 DF Alex
33%
2005/2006 DF Alex
33%
2006/2007 DF Alex
33%
2013/2014 ST Jürgen Locadia
33%
2015/2016 ST Jürgen Locadia
33%
2000/2001 ST Mateja Kežman
33%
2001/2002 ST Mateja Kežman
33%
2002/2003 ST Mateja Kežman
33%
2003/2004 ST Mateja Kežman
33%
1987/1988 ST Wim Kieft
33%
1989/1990 ST Wim Kieft
33%
1991/1992 ST Wim Kieft
33%
1992/1993 ST Wim Kieft
33%
1993/1994 ST Wim Kieft
33%
2017/2018 DF Daniel Schwaab
32%
2018/2019 DF Daniel Schwaab
32%
2019/2020 DF Daniel Schwaab
32%
2016/2017 MF Gastón Pereiro
32%
2018/2019 MF Gastón Pereiro
32%
2022/2023 UCL MF Guus Til
32%
2010/2011 MF Jeremain Lens
32%
2011/2012 MF Jeremain Lens
32%
2012/2013 MF Jeremain Lens
32%
2020/2021 MF Eran Zahavi
31%
2021/2022 ST Eran Zahavi
31%
2013/2014 DF Santiago Arias
31%
2014/2015 DF Santiago Arias
31%
2015/2016 DF Santiago Arias
31%
2016/2017 DF Santiago Arias
31%
2017/2018 DF Santiago Arias
31%
2013/2014 MF Jorrit Hendrix
29%
2015/2016 MF Jorrit Hendrix
29%
2017/2018 MF Jorrit Hendrix
29%
2018/2019 MF Jorrit Hendrix
29%
2011/2012 MF Kevin Strootman
28%
2012/2013 MF Kevin Strootman
28%
1979/1980 MF René van de Kerkhof
28%
1981/1982 ST René van de Kerkhof
28%
1982/1983 MF René van de Kerkhof
28%
1985/1986 MF René van der Gijp
28%
1986/1987 MF René van der Gijp
28%
1979/1980 MF Willy van de Kerkhof
28%
1980/1981 MF Willy van de Kerkhof
28%
1981/1982 MF Willy van de Kerkhof
28%
1982/1983 MF Willy van de Kerkhof
28%
1984/1985 MF Willy van de Kerkhof
28%
2021/2022 MF Mauro Júnior
27%
2018/2019 DF Nick Viergever
27%
2019/2020 DF Nick Viergever
27%
2013/2014 MF Adam Maher
26%
2014/2015 MF Adam Maher
26%
2018/2019 DF Angeliño
26%
2007/2008 ST Danny Koevermans
26%
2008/2009 ST Danny Koevermans
26%
2021/2022 DF Phillipp Mwene
26%
2021/2022 (EL) DF Phillipp Mwene
26%
2022/2023 UCL DF Phillipp Mwene
26%
2014/2015 ST Luuk de Jong
23%
2015/2016 ST Luuk de Jong
23%
2016/2017 ST Luuk de Jong
23%
2017/2018 ST Luuk de Jong
23%
2018/2019 ST Luuk de Jong
23%
2018/2019 MF Pablo Rosario
23%
2019/2020 MF Pablo Rosario
23%
2020/2021 MF Pablo Rosario
23%
1979/1980 ST Willy van der Kuijlen
23%
1980/1981 ST Willy van der Kuijlen
23%
2008/2009 MF Balázs Dzsudzsák
22%
2009/2010 MF Balázs Dzsudzsák
22%
2010/2011 MF Balázs Dzsudzsák
22%
2015/2016 DF Joshua Brenet
22%
2017/2018 DF Joshua Brenet
22%
2019/2020 MF Mohamed Ihattaren
22%
2009/2010 DF Stanislav Manolev
22%
2010/2011 DF Stanislav Manolev
22%
2011/2012 DF Stanislav Manolev
22%
1982/1983 DF Berry van Aerle
21%
1983/1984 DF Berry van Aerle
21%
1984/1985 DF Berry van Aerle
21%
1987/1988 MF Berry van Aerle
21%
1988/1989 MF Berry van Aerle
21%
1989/1990 MF Berry van Aerle
21%
1992/1993 DF Berry van Aerle
21%
1993/1994 DF Berry van Aerle
21%
2006/2007 DF Carlos Salcido
21%
2007/2008 DF Carlos Salcido
21%
2008/2009 DF Carlos Salcido
21%
2009/2010 DF Carlos Salcido
21%
2009/2010 DF Erik Pieters
21%
2010/2011 DF Erik Pieters
21%
2003/2004 DF Young-Pyo Lee
21%
2004/2005 DF Young-Pyo Lee
21%
1985/1986 DF Eric Gerets
19%
1986/1987 DF Eric Gerets
19%
1987/1988 DF Eric Gerets
19%
1988/1989 DF Eric Gerets
19%
1989/1990 DF Eric Gerets
19%
1990/1991 DF Eric Gerets
19%
1991/1992 DF Eric Gerets
19%
2016/2017 DF Nicolas Isimat-Mirin
19%
2017/2018 DF Nicolas Isimat-Mirin
19%
2010/2011 DF Marcelo
18%
2011/2012 DF Marcelo
18%
2012/2013 DF Marcelo
18%
2021/2022 MF Ritsu Doan
18%
2021/2022 (EL) MF Ritsu Doan
18%
2006/2007 ST Arouna Koné
17%
1986/1987 MF Gerald Vanenburg
17%
1987/1988 MF Gerald Vanenburg
17%
1988/1989 MF Gerald Vanenburg
17%
1989/1990 MF Gerald Vanenburg
17%
1990/1991 MF Gerald Vanenburg
17%
1992/1993 MF Gerald Vanenburg
17%
2006/2007 DF Jan Kromkamp
17%
2007/2008 DF Jan Kromkamp
17%
2009/2010 MF Orlando Engelaar
17%
2010/2011 MF Orlando Engelaar
17%
2007/2008 MF Otman Bakkal
17%
2009/2010 MF Otman Bakkal
17%
1987/1988 MF Søren Lerby
17%
1988/1989 MF Søren Lerby
17%
1989/1990 MF Søren Lerby
17%
2012/2013 ST Tim Matavž
17%
2019/2020 DF Timo Baumgartl
17%
2010/2011 MF Atiba Hutchinson
15%
2012/2013 DF Atiba Hutchinson
15%
1994/1995 MF Jan Wouters
15%
1995/1996 MF Jan Wouters
15%
1999/2000 MF Johann Vogel
15%
2000/2001 MF Johann Vogel
15%
2001/2002 MF Johann Vogel
15%
2002/2003 MF Johann Vogel
15%
2004/2005 MF Johann Vogel
15%
2019/2020 MF Michal Sadilek
15%
2013/2014 MF Stijn Schaars
15%
1992/1993 MF Arthur Numan
14%
1993/1994 MF Arthur Numan
14%
1994/1995 DF Arthur Numan
14%
1995/1996 DF Arthur Numan
14%
1996/1997 DF Arthur Numan
14%
1997/1998 DF Arthur Numan
14%
2016/2017 MF Bart Ramselaar
14%
2017/2018 MF Bart Ramselaar
14%
1994/1995 MF Boudewijn Zenden
14%
1996/1997 MF Boudewijn Zenden
14%
1997/1998 MF Boudewijn Zenden
14%
1984/1985 DF Jan Heintze
14%
1985/1986 DF Jan Heintze
14%
1986/1987 DF Jan Heintze
14%
1987/1988 DF Jan Heintze
14%
1988/1989 DF Jan Heintze
14%
1989/1990 DF Jan Heintze
14%
1990/1991 DF Jan Heintze
14%
1991/1992 DF Jan Heintze
14%
1992/1993 DF Jan Heintze
14%
1993/1994 DF Jan Heintze
14%
1999/2000 DF Jan Heintze
14%
2000/2001 DF Jan Heintze
14%
2001/2002 ST J.V. of Hesselink
14%
2002/2003 ST J.V. of Hesselink
14%
2003/2004 ST J.V. of Hesselink
14%
2004/2005 ST J.V. of Hesselink
14%
2005/2006 ST J.V. of Hesselink
14%
2005/2006 DF Michael Reiziger
14%
2022/2023 UCL MF Xavi Simons
14%
2021/2022 (EL) ST Carlos Vinícius
13%
2005/2006 MF DaMarcus Beasley
13%
1995/1996 MF Wim Jonk
13%
1996/1997 MF Wim Jonk
13%
1997/1998 MF Wim Jonk
13%
1991/1992 DF Adri van Tiggelen
10%
1992/1993 DF Adri van Tiggelen
10%
1993/1994 DF Adri van Tiggelen
10%
1999/2000 MF Arnold Bruggink
10%
2000/2001 MF Arnold Bruggink
10%
2001/2002 MF Arnold Bruggink
10%
2007/2008 DF Dirk Marcellis
10%
2008/2009 DF Dirk Marcellis
10%
2006/2007 MF Edison Méndez
10%
2008/2009 MF Edison Méndez
10%
1994/1995 DF Ernest Faber
10%
1995/1996 DF Ernest Faber
10%
1997/1998 DF Ernest Faber
10%
1999/2000 DF Ernest Faber
10%
2002/2003 DF Ernest Faber
10%
2005/2006 MF Jason Čulina
10%
2008/2009 DF Jason Čulina
10%
1990/1991 ST John Bosman
10%
1983/1984 MF Arie Haan
9%
2007/2008 ST Danko Lazović
9%
2009/2010 ST Danko Lazović
9%
2000/2001 MF Dennis Rommedahl
9%
2001/2002 MF Dennis Rommedahl
9%
2002/2003 MF Dennis Rommedahl
9%
1985/1986 MF Frank Arnesen
9%
1988/1989 DF Stan Valckx
9%
1989/1990 DF Stan Valckx
9%
1990/1991 DF Stan Valckx
9%
1991/1992 DF Stan Valckx
9%
1994/1995 DF Stan Valckx
9%
1995/1996 DF Stan Valckx
9%
1996/1997 DF Stan Valckx
9%
1991/1992 MF Edward Linskens
8%
1992/1993 MF Edward Linskens
8%
1994/1995 MF Edward Linskens
8%
1990/1991 MF Gheorghe Popescu
8%
1991/1992 MF Gheorghe Popescu
8%
1992/1993 DF Gheorghe Popescu
8%
1993/1994 DF Gheorghe Popescu
8%
1987/1988 ST Hans Gillhaus
8%
1988/1989 ST Hans Gillhaus
8%
1986/1987 DF Ivan Nielsen
8%
1987/1988 DF Ivan Nielsen
8%
1989/1990 DF Ivan Nielsen
8%
2000/2001 DF Kevin Hofland
8%
2001/2002 DF Kevin Hofland
8%
2003/2004 DF Kevin Hofland
8%
1998/1999 DF Yuri Nikiforov
8%
1999/2000 DF Yuri Nikiforov
8%
2000/2001 DF Yuri Nikiforov
8%
2011/2012 MF Zakaria Labyad
8%
1979/1980 DF Ernie Brandts
6%
1980/1981 DF Ernie Brandts
6%
1981/1982 DF Ernie Brandts
6%
1982/1983 DF Ernie Brandts
6%
1983/1984 DF Ernie Brandts
6%
1984/1985 DF Ernie Brandts
6%
1997/1998 ST Gilles de Bilde
6%
1981/1982 ST Hallvar Thoresen
6%
1982/1983 ST Hallvar Thoresen
6%
1983/1984 ST Hallvar Thoresen
6%
1984/1985 ST Hallvar Thoresen
6%
1985/1986 ST Hallvar Thoresen
6%
2008/2009 DF Jérémie Bréchet
6%
2001/2002 DF Kasper Bøgelund
6%
2002/2003 DF Kasper Bøgelund
6%
2006/2007 DF Manuel da Costa
6%
1981/1982 MF Ruud Geels
6%
1998/1999 DF Abel Xavier
5%
1985/1986 DF Adick Koot
5%
1986/1987 DF Adick Koot
5%
1987/1988 DF Adick Koot
5%
1988/1989 DF Adick Koot
5%
1998/1999 MF Dmitri Khokhlov
5%
1989/1990 ST Flemming Povlsen
5%
1979/1980 DF Huub Stevens
5%
1980/1981 DF Huub Stevens
5%
1981/1982 DF Huub Stevens
5%
1982/1983 DF Huub Stevens
5%
1983/1984 DF Huub Stevens
5%
1984/1985 DF Huub Stevens
5%
1985/1986 DF Huub Stevens
5%
1979/1980 DF Jan Poortvliet
5%
1980/1981 DF Jan Poortvliet
5%
1981/1982 DF Jan Poortvliet
5%
1982/1983 DF Jan Poortvliet
5%
1998/1999 MF Joonas Kolkka
5%
2000/2001 MF Joonas Kolkka
5%
1991/1992 ST Kalusha Bwalya
5%
1993/1994 ST Kalusha Bwalya
5%
1996/1997 ST Marc Degryse
5%
1995/1996 MF Marciano Vink
5%
1979/1980 MF Michel Valke
5%
1980/1981 MF Michel Valke
5%
1983/1984 MF Michel Valke
5%
1984/1985 MF Michel Valke
5%
1985/1986 MF Michel Valke
5%
1986/1987 MF Michel Valke
5%
1993/1994 MF Tom Van Mol
5%
1996/1997 MF Vampeta
5%
1997/1998 DF Vampeta
5%
1979/1980 DF Adrie van Kraay
4%
1981/1982 DF Adrie van Kraay
4%
2007/2008 DF Alcides
4%
1995/1996 DF C. van der Weerden
4%
1998/1999 DF C. van der Weerden
4%
1994/1995 DF Geoffrey Prommayon
4%
1979/1980 ST Harry Lubse
4%
1982/1983 ST Jurrie Koolhof
4%
1983/1984 ST Jurrie Koolhof
4%
1986/1987 ST Jurrie Koolhof
4%
1989/1990 ST Juul Ellerman
4%
1990/1991 ST Juul Ellerman
4%
1991/1992 ST Juul Ellerman
4%
1984/1985 ST Kenneth Brylle
4%
2005/2006 DF Michael Lamey
4%
2008/2009 ST Nordin Amrabat
4%
1997/1998 MF Ovidiu Stîngă
4%
1999/2000 MF Ovidiu Stîngă
4%
1980/1981 ST Paul Postuma
4%
1992/1993 MF Peter Hoekstra
4%
1993/1994 MF Peter Hoekstra
4%
1994/1995 MF Peter Hoekstra
4%
1979/1980 DF Piet Wildschut
4%
1980/1981 DF Piet Wildschut
4%
1981/1982 DF Piet Wildschut
4%
1982/1983 DF Piet Wildschut
4%
1983/1984 DF Piet Wildschut
4%
1995/1996 ST René Eijkelkamp
4%
1982/1983 MF Ton Lokhoff
4%
1983/1984 MF Ton Lokhoff
4%
1984/1985 MF Ton Lokhoff
4%
1985/1986 MF Ton Lokhoff
4%
1996/1997 DF Željko Petrović
4%
1980/1981 MF Adrie Koster
3%
1983/1984 DF Glenn Hysén
3%
1984/1985 DF Glenn Hysén
3%
1980/1981 MF Huh Jung-moo
3%
1981/1982 MF Huh Jung-moo
3%
2009/2010 DF Maza
3%
1998/1999 MF Theo Lucius
3%
2003/2004 MF Theo Lucius
3%
1998/1999 MF Tomasz Iwan
3%
No matching quizzes found
Score Distribution
Percent of People with Each Score
Percentile by Number Answered
Your Score History
You have not taken this quiz since the last reset